| 000 | 00953nam a2200289 i 4500 | ||
|---|---|---|---|
| 001 | 169557 | ||
| 003 | ES-MaACL | ||
| 005 | 20250827062637.0 | ||
| 008 | 081013s2008 sp |||| | spa d | ||
| 017 | _aM 20.044-2008 | ||
| 020 | _a978-84-340-1785-6 | ||
| 080 | _a347.453.3/.4(460)"19/20"(094.5) | ||
| 110 | 1 |
_aEspaña _93622 |
|
| 240 | 0 | 0 | _aLey de arrendamientos urbanos, 1994 |
| 245 | 1 | 0 | _aArrendamientos urbanos. |
| 250 | _a19ª ed. | ||
| 260 |
_aMadrid : _bBoletín Oficial del Estado, _c2008. |
||
| 300 |
_a362 p. ; _c20 cm. |
||
| 490 | 1 |
_aTextos legales ; _v34 |
|
| 500 | _aÍndice. | ||
| 500 | _aEn cub.: "Actualización gratuita en www.boe.es" | ||
| 650 | 4 |
_aArrendamiento urbano- _zEspaña- _vLegislación. _910065 |
|
| 830 | 0 |
_aTextos legales ; _v34 _9178122 |
|
| 852 | 4 |
_aES-MaACL _jA-15231 _9176211 _bR.143976 _cDEPO1 _dOlim: L 347.453.3(460)"1994" ESP _dOlim: Meseton |
|
| 942 | _2udc | ||
| 999 |
_c169557 _d169557 |
||